Calculus and linear algebra; (Record no. 181869)
[ view plain ]
| 000 -LEADER | |
|---|---|
| fixed length control field | 01001 a2200241 4500 |
| 003 - CONTROL NUMBER IDENTIFIER | |
| control field | Nust |
| 005 - DATE AND TIME OF LATEST TRANSACTION | |
| control field | 20221119125139.0 |
| 010 ## - LIBRARY OF CONGRESS CONTROL NUMBER | |
| LC control number | 79092128 |
| 020 ## - INTERNATIONAL STANDARD BOOK NUMBER | |
| International Standard Book Number | 0721633706 |
| 040 ## - CATALOGING SOURCE | |
| Transcribing agency | Nust |
| 082 00 - DEWEY DECIMAL CLASSIFICATION NUMBER | |
| Classification number | 515.14,EMB |
| 100 1# - MAIN ENTRY--PERSONAL NAME | |
| Personal name | Embry, Mary R. |
| 9 (RLIN) | 103131 |
| 245 10 - TITLE STATEMENT | |
| Title | Calculus and linear algebra; |
| Remainder of title | an integrated approach / |
| Statement of responsibility, etc. | Mary R. Embry, Joseph F. Schell [and] J. Pelham Thomas. |
| 260 ## - PUBLICATION, DISTRIBUTION, ETC. | |
| Place of publication, distribution, etc. | Philadelphia, |
| Name of publisher, distributor, etc. | W. B. Saunders Co., |
| Date of publication, distribution, etc. | 1972. |
| 300 ## - PHYSICAL DESCRIPTION | |
| Extent | xvi, 904 p. |
| Other physical details | illus. |
| Dimensions | 25 cm. |
| 490 0# - SERIES STATEMENT | |
| Series statement | Saunders mathematics books |
| 505 ## - FORMATTED CONTENTS NOTE | |
| Formatted contents note | Part1. Linear geometry (Page-3), Part 2. Differential calculus of R-R functions (Page-151), Part 3. Integral calculus of R-R functions (Page-289), Part 4. Differential calculus of R-R functions (Page-557), Part 5. Integral calculus of R-R functions (Page-715). |
| 650 #0 - SUBJECT ADDED ENTRY--TOPICAL TERM | |
| Topical term or geographic name entry element | Algebras, Linear. |
| 9 (RLIN) | 10720 |
| 650 #0 - SUBJECT ADDED ENTRY--TOPICAL TERM | |
| Topical term or geographic name entry element | Calculus. |
| 700 1# - ADDED ENTRY--PERSONAL NAME | |
| Personal name | Schell, Joseph F., |
| Dates associated with a name | 1928- |
| 9 (RLIN) | 103132 |
| 700 1# - ADDED ENTRY--PERSONAL NAME | |
| Personal name | Thomas, John Pelham, |
| Dates associated with a name | 1922- |
| 9 (RLIN) | 103133 |
| 942 ## - ADDED ENTRY ELEMENTS (KOHA) | |
| Source of classification or shelving scheme | |
| Koha item type | Book |
| Call number prefix | 515.14,EMB |
| Withdrawn status | Lost status | Source of classification or shelving scheme | Damaged status | Not for loan | Permanent Location | Current Location | Shelving location | Date acquired | Full call number | Barcode | Date last seen | Price effective from | Koha item type | Public note |
|---|---|---|---|---|---|---|---|---|---|---|---|---|---|---|
| Military College of Signals (MCS) | Military College of Signals (MCS) | General Stacks | 12/12/2016 | 515.14,EMB | MCS7275 | 12/08/2016 | 12/12/2016 | Book | Almirah No.13, Shelf No.2 |
